Nihon ni okeru tochi kaikaku no rekishi /

Saved in:
Bibliographic Details
Main Author: Inamura, Ryūichi, 1897-
Format: Book
Language:Japanese
Published: Tōkyō : Kōbunsha, 1981.
Edition:Dai 1-han.
Subjects:
Tags: Add Tag
No Tags, Be the first to tag this record!
LEADER 01063nam a2200337 a 4500
001 007766676-3
005 20024617115255.0
008 860903s1981 ja b 001 0 jpn
010 |a 82174557 
020 |a 4770404700 
035 0 |a ocm14173835 
040 |a DLC  |c OU  |d OU  |d OCoLC  |d CU  |d *YNH*  |d CStRLIN 
043 |a a-ja--- 
050 |a HD913  |b .I52 1981 
070 0 |a HD913.I52  |b 1981 
100 1 |6 880-01  |a Inamura, Ryūichi,  |d 1897- 
245 1 0 |6 880-02  |a Nihon ni okeru tochi kaikaku no rekishi /  |c Inamura Ryūichi. 
250 |6 880-03  |a Dai 1-han. 
260 |6 880-04  |a Tōkyō :  |b Kōbunsha,  |c 1981. 
300 |a 403, 7 p. ;  |c 22 cm. 
500 |a Colophon inserted. 
500 |a Errata slip inserted. 
504 |a Bibliography: p. 400-403. 
500 |a Includes index. 
650 0 |a Land reform  |z Japan  |x History. 
880 1 |6 100-01  |a 稲村隆一,  |d 1897- 
880 1 0 |6 245-02  |a 日本における土地改革の歴史 /  |c 稲村隆一. 
880 |6 250-03  |a 第1版. 
880 |6 260-04  |a 東京 :  |b 恆文社,  |c 1981. 
988 |a 20021127 
906 |0 DLC